Statistics for Belgium... or The Netherlands

Click here to take the quiz!

General Stats

  • This quiz has been taken 422 times
    (393 since last reset)
  • The average score is 16 of 20

Answer Stats

QuestionAnswer% Correct
The city of Rotterdam is located in this countryThe Netherlands
97%
Is famous for it's chocolateBelgium
96%
In this country more than a third of the population speaks French as their first languageBelgium
95%
New York was founded by this countryThe Netherlands
95%
Anne frank hid for the Germans in this countryThe Netherlands
94%
Van Gogh is born in this countryThe Netherlands
94%
It's capital is also the EU capitalBelgium
93%
Is part of NATOBoth
93%
Owns islands in the CaribbeanThe Netherlands
91%
Heineken originates in this countryThe Netherlands
90%
Borders LuxembourgBelgium
83%
It's king established an african colony himself after the parlement refused to do itBelgium
83%
Has a royal familyBoth
79%
Became independent in the 1830sBelgium
78%
Has had 4 wars with the United Kingdom and it's predecessorsThe Netherlands
73%
Has over 10 million residentsBoth
69%
The river Rhine flows through it's territoryThe Netherlands
62%
Took part in the first World WarBelgium
59%
Germany is their biggest export partnerBoth
52%
One of it's provinces is called "Limburg"Both
50%

Score Distribution

Percentile by Number Answered

Percent of People with Each Score

Your Score History

You have not taken this quiz since the last reset